| 000 | 00711nam a2200229 a 4500 | ||
|---|---|---|---|
| 999 |
_c4720 _d4720 |
||
| 001 | 4720 | ||
| 003 | BD-JhCC | ||
| 005 | 20191003134017.0 | ||
| 008 | 171115s2015 bg a|||| ||a| 000 0 ben d | ||
| 020 | _a9847016200427 | ||
| 035 | _a(BD-JhCC) 4720 | ||
| 040 |
_aBD-JhCC _dBD-JhCC |
||
| 041 | _aben | ||
| 082 |
_bIQB 2015 _a891.4435 |
||
| 100 | _aইকবাল,মুহাম্মদ জাফর | ||
| 245 |
_aবুগাবুগা / _cমুহাম্মদ জাফর ইকবাল |
||
| 260 |
_aঢাকা : _bপার্ল পাবলিকেশন্স, _c২০১৫. |
||
| 300 |
_a40 p. : _c24 cm. _bill. ; |
||
| 650 | _aBengali Stories | ||
| 942 |
_2ddc _cBK _03 |
||